| 000 | 00386nam a22001577a 4500 | ||
|---|---|---|---|
| 020 | _a9788188458042 | ||
| 082 | _a621.3824 GAU | ||
| 100 | _aGautam A.K | ||
| 245 | _aAntenna and Wave propagation | ||
| 260 |
_aNew Delhi India _bS.K. Kataria &Sons _c2002 |
||
| 300 |
_a508 _bP.B |
||
| 500 | _aInclude Index | ||
| 650 | _aAntenna Theory | ||
| 700 | _aA.K. Gautam | ||
| 942 | _cBK | ||
| 999 |
_c490560 _d490560 |
||